000 00667nam a2200205 a 4500
001 000012955
005 20240530073916.0
008 091118s1998 dr 000 f spa d
040 _aDO-SdBNP
_bspa
_cBNPHU
082 _aRD863.44
_bR696m, 1998
100 1 _aRodríguez, Marcos
_929858
245 1 3 _aEl Mártir de los martirios /
_cMarcos Rodríguez.
260 _aSanto Domingo :
_bAlpha,
_c1998.
300 _a120 p. ;
_c21 cm.
500 _aIncluye datos biográficos del autor en la contracubierta
590 _aInventariado, 2020 / DG
650 0 _aNovela dominicana
_9223
650 0 _aLiteratura dominicana.
_967
910 _aValidado. Control de calidad MFF
999 _c12603
_d12603